| 000 | 00798cam a22002893a 4500 | ||
|---|---|---|---|
| 001 | 26754 | ||
| 003 | PGUSA | ||
| 005 | 20140828083557.0 | ||
| 008 | 081003s2008||||xxu|||||s|||||000 | eng d | ||
| 040 |
_aPGUSA _beng |
||
| 042 | _adc | ||
| 050 | 4 | _aTX | |
| 100 | 1 | _aBogardus, C. A. | |
| 245 | 1 | 0 |
_aOne Thousand Secrets of Wise and Rich Men Revealed _h[electronic resource] / _cC. A. Bogardus |
| 260 |
_bProject Gutenberg, _c2008 |
||
| 506 | _aPublic domain in the USA. | ||
| 516 | _aElectronic text | ||
| 653 | _aMnemonics | ||
| 653 | _aHandbooks, vade-mecums, etc. | ||
| 653 | _aFormulas, recipes, etc. | ||
| 653 | _aProverbs | ||
| 653 | _aShooting | ||
| 653 | _aNumismatics | ||
| 830 | 0 |
_aProject Gutenberg _v26754 |
|
| 856 | 4 | 0 | _uhttp://www.gutenberg.org/ebooks/26754 |
| 942 | _cEB | ||
| 999 |
_c256009 _d256009 |
||